000 00358nam a2200145Ia 4500
008 210716s1994 xx 000 0 und d
041 _aeng
082 _a006.42 WODR
100 _aWodaski, Ron.
245 _aMultimedia madness.
250 _a1
260 _aUSA
_bSAMS publishing
_c1994
300 _axxxi,1086
650 _aGraphics ProgramMultimedia Sys
999 _c183241
_d183241